Geboren in Stuttgart - Statistiken

Allgemein
  • Dieses Quiz wurde 191 mal gespielt
    15 seit der letzten Aktualisierung
  • Das Durchschnittsergebnis liegt bei 9 aus 40
Antwortstatistiken
Hinweis Antwort % Korrekt
Fußballtrainer (Dortmund, Liverpool und Mainz) 1967 Jürgen Klopp
71%
Ebenfalls Teil der Band "Die Fantastischen Vier" 1968 Thomas D
71%
deutscher Fußballnationalspieler, Bayern München 2003 Jamal Musiala
64%
Sänger, "Major Tom (völlig losgelöst)" 1956 Peter Schilling
50%
ehemaliger Fußballnationalspieler (VfB Stuttgart, Juventus Turin und Real Madrid) 1987 Sami Khedira
50%
deutscher Fußballnationalspieler, Bayern München 1995 Serge Gnabry
50%
Mitgründer von Heckler & Koch 1905 Theodor Koch
50%
deutscher Fußballnationalspieler, San Jose Earthquakes (früher Leipzig, Chelsea und VfB Stuttgart) 1996 Timo Werner
50%
Trainer (Hertha BSC, VfB Stuttgart und Hannover 96) und früherer türkischer Nationalspieler 1974 Tayfun Korkut
43%
ehemaliger Ministerpräsident von Baden-Württemberg und EU-Komissar 1953 Günter Oettinger
36%
Kleinkünstler und Autor, "Die Känguru-Chroniken" 1982 Marc-Uwe Kling
36%
bedeutender Philosph, wichtiger Vertreter des Idealismus 1770 Georg Friedrich Hegel
29%
früherer spanischer Fußballnationalspieler (Real Madrid, Hoffenheim, Frankfurt und Hannover) 1990 Joselu
29%
Teil der Band "Die Fantastischen Vier" und Jurymitglied bei "Voice of Germany" 1967 Michi Beck
29%
Gründer eines Unternehmens für Reinigungsgeräte 1901 Alfred Kärcher
21%
DJ und Partyschlagersänger, "Layla" 1996 DJ Robin
21%
Fußballtrainer (VfB Stuttgart, FC Schalke 04, Union Berlin) 1970 Jens Keller
21%
türkischer Fußballnationalspieler, FC Schalke 04 1994 Kenan Karaman
21%
CDU-Politiker und früherer Bundespräsident 1920 Richard von Weizsäcker
21%
Unternehmerin und Fürstin 1960 Gloria von Thurn und Taxis
14%
Schauspieler und Showmaster, "Edgar Wallace"-Filmreihe 1927 Joachim Fuchsberger
14%
Skirennläuferin und olympische Silbermedaillengewinnerin in der Team-Kombination 2026 1996 Kira Weidle-Winkelmann
14%
Sänger und Rapper "A-N-N-A" 1973 Max Herre
14%
Sozialphilosph und führender Kopf der Frankfurter Schule 1895 Max Horkheimer
14%
Regisseur, "Independence Day" "2012" "White House Down" 1955 Roland Emmerich
14%
Bundesvorsitzende der SPD 1961 Saskia Esken
14%
Komiker, Moderator und Podcaster, "deep und deutlich" 1989 Aurel Mertz
7%
Literaturkritiker und Journalist, "Druckfrisch" 1964 Denis Scheck
7%
Bundesbeauftragte für Antidiskriminierung, deren Ernennung zu einer politischen Kontroverse führte 1979 Ferda Ataman
7%
American Football Fullback, Houston Texans 1994 Jakob Johnson
7%
ehemalige Fußballnationalspielerin (Bayern München und Arsenal) 1992 Leonie Maier
7%
Vorstandsvorsitzender der BASF 1961 Martin Brudermüller
7%
Schauspieler, "Er ist wieder da" "Dark" 1968 Oliver Masucci
7%
Manager und Aufsichtsratvorsitzender von Porsche 1943 Wolfgang Porsche
7%
Medizinnobelpreisträger für die Entwicklung der Patch-Clamp-Technik 1942 Bert Sakmann
0%
Frankfurter Staatsanwalt der Auschwitz-Prozesse 1903 Fritz Bauer
0%
Chemienobelpreisträger für seine Arbeiten zu chemischen Prozessen auf Festkörperoberflächen 1936 Gerhard Ertl
0%
Medizinnobelpreisträger für die Entdeckung des Organisator-Effekt bei der Embryonalentwicklung 1869 Hans Spemann
0%
Rapper, bekannt als Mitglied von "Die Orsons" und "Mackes & Plan B" 1982 Maeckes
0%
Regisseur, "Die Bestimmung"-Serie 1968 Robert Schwentke
0%
Keine übereinstimmenden Quizze gefunden
Verteilung der Resultate
Anzahl Personen mit jedem Resultat
Perzentil nach korrekt beantworteten Fragen
Ihre Resultats-Entwicklung
Sie haben dieses Quiz seit der letzten Aktualisierung nicht gespielt